000 00500nam a2200133Ia 4500
003 GCL
008 140319s9999 xx 000 0 ara d
040 _aGCL /
_cGCL
082 0 4 _a780.91
_bم ا
100 1 _aمحمد عبدالرحمن الحمصى
245 1 0 _aاصول الايقاعات الشرقية: ودراسة تحليلية فى المقامات العربية /
_cمحمد عبدالرحمن الحمصى
300 _a191 ص
490 _aالهيئة العامة للاستعلامات
_v0
999 _c49303
_d49303